Communication systems : An Introduction to Signals Noise in Electrical Communication (Record no. 3317)

000 -LEADER
fixed length control field 01200cam a22003134a 4500
001 - CONTROL NUMBER
control field 16438250
003 - CONTROL NUMBER IDENTIFIER
control field OSt
005 - DATE AND TIME OF LATEST TRANSACTION
control field 20161003092934.0
008 - FIXED-LENGTH DATA ELEMENTS--GENERAL INFORMATION
fixed length control field 100828s2009 njua b 001 0 eng
010 ## - LIBRARY OF CONGRESS CONTROL NUMBER
LC control number 2010483731
020 ## - INTERNATIONAL STANDARD BOOK NUMBER
International Standard Book Number 9780071210287
040 ## - CATALOGING SOURCE
Original cataloging agency DLC
Transcribing agency DLC
Modifying agency DLC
050 00 - LIBRARY OF CONGRESS CALL NUMBER
Classification number TK5101.H37 2002
100 1# - MAIN ENTRY--PERSONAL NAME
Personal name Carlson, Bruce A.
Dates associated with a name 1931-
245 10 - TITLE STATEMENT
Title Communication systems : An Introduction to Signals Noise in Electrical Communication
Statement of responsibility, etc A. Bruce Carlson, Paul B. Crilly & Janet C. Rutledge
250 ## - EDITION STATEMENT
Edition statement 4th ed.
260 ## - PUBLICATION, DISTRIBUTION, ETC. (IMPRINT)
Place of publication, distribution, etc North America
Name of publisher, distributor, etc McGraw Hill Co.,
Date of publication, distribution, etc c2002.
300 ## - PHYSICAL DESCRIPTION
Extent xiii, 850p. :
Other physical details ill. ;
Dimensions 26 cm.
504 ## - BIBLIOGRAPHY, ETC. NOTE
Bibliography, etc Includes bibliographical references (p. 409-412) and index.
650 #0 - SUBJECT ADDED ENTRY--TOPICAL TERM
Topical term or geographic name as entry element Telecommunication.
650 #0 - SUBJECT ADDED ENTRY--TOPICAL TERM
Topical term or geographic name as entry element Signal theory (Telecommunication)
700 ## - ADDED ENTRY--PERSONAL NAME
Personal name Crilly, Paul B.
700 ## - ADDED ENTRY--PERSONAL NAME
Personal name Rutledge, Janet C.
856 42 - ELECTRONIC LOCATION AND ACCESS
Materials specified Publisher description
Uniform Resource Identifier <a href="http://www.loc.gov/catdir/enhancements/fy1013/2010483731-d.html">http://www.loc.gov/catdir/enhancements/fy1013/2010483731-d.html</a>
856 41 - ELECTRONIC LOCATION AND ACCESS
Materials specified Table of contents only
Uniform Resource Identifier <a href="http://www.loc.gov/catdir/enhancements/fy1013/2010483731-t.html">http://www.loc.gov/catdir/enhancements/fy1013/2010483731-t.html</a>
906 ## - LOCAL DATA ELEMENT F, LDF (RLIN)
a 7
b cbc
c origcop
d 2
e ocip
f 20
g y-gencatlg
942 ## - ADDED ENTRY ELEMENTS (KOHA)
Source of classification or shelving scheme
Koha item type Book
Holdings
Withdrawn status Lost status Source of classification or shelving scheme Damaged status Not for loan Home library Current library Shelving location Date acquired Total Checkouts Full call number Barcode Date last seen Copy number Price effective from Koha item type
          Riara University Library Riara University Library General stack 03/10/2016   TK5101.H37 2002 8312/16 03/10/2016 C.1 03/10/2016 Book

Riara University Library,
P.O. Box 49940-00100,
Nairobi, Kenya.